[Event "Ceske Budejovice op-B"]
[Site "Ceske Budejovice"]
[Date "2023.07.08"]
[Round "8"]
[White "Loucky, Tomas"]
[Black "Palka, Miroslav"]
[Result "0-1"]
[WhiteElo "1501"]
[BlackElo "1629"]
[PlyCount "126"]
[EventDate "2023.07.01"]
[EventType "swiss"]
[EventRounds "9"]
[EventCountry "CZE"]
[SourceTitle "EXT 2024"]
[Source "ChessBase"]
[SourceDate "2023.10.10"]
[SourceVersion "1"]
[SourceVersionDate "2023.10.10"]
[SourceQuality "1"]

1. e4 c5 2. Nf3 d6 3. d4 cxd4 4. Nxd4 Nf6 5. Nc3 g6 6. Be3 Bg7 7. f3 0-0 8. Qd2 Nc6 9. 0-0-0 Nxd4 10. Bxd4 Be6 11. g4 Qa5 12. Kb1 Rfc8 13. Nd5 Qxd2 14. Nxf6+ Bxf6 15. Rxd2 Bxd4 16. Rxd4 Rc5 17. h4 Kg7 18. Rg1 Rac8 19. Bd3 Bc4 20. Bxc4 Rxc4 21. Rxc4 Rxc4 22. Rd1 Kf6 23. Rd3 Ke5 24. b3 Rc5 25. b4 Rc4 26. c3 Kf4 27. Kc2 Rc8 28. Kd2 h5 29. gxh5 gxh5 30. Rd5 Kxf3 31. Rf5+ Kg4 32. Rxf7 Rc7 33. a4 Kxh4 34. Rg7 b6 35. Kd3 Kh3 36. e5 dxe5 37. Rg5 Kh4 38. Rxe5 Kg4 39. Re1 Kf5 40. Rf1+ Kg5 41. Rg1+ Kh6 42. Rg8 h4 43. Rh8+ Kg5 44. Rg8+ Kf4 45. Rf8+ Kg3 46. Rg8+ Kh2 47. Rg7 h3 48. c4 Kh1 49. Rf7 a5 50. bxa5 bxa5 51. Rh7 h2 52. Rg7 Rd7+ 53. Kc2 Rd4 54. Kc3 Rf4 55. Rxe7 Rf3+ 56. Kd4 Kg2 57. Re2+ Rf2 58. Re1 Ra2 59. c5 Rxa4+ 60. Kc3 h1Q 61. Rxh1 Kxh1 62. c6 Rh4 63. c7 Rh8 0-1

[Event "CZE-ch Betsys Online Blitz"]
[Site "Chess.com INT"]
[Date "2021.04.17"]
[Round "5"]
[White "Horak, Jan"]
[Black "Loucky, Tomas"]
[Result "1-0"]
[WhiteElo "2072"]
[BlackElo "1305"]
[PlyCount "77"]
[EventDate "2021.04.17"]
[EventType "swiss (blitz)"]
[EventRounds "13"]
[EventCountry "CZE"]
[SourceTitle "CBM 201 Extra"]
[Source "ChessBase"]
[SourceDate "2021.05.31"]
[SourceVersion "1"]
[SourceVersionDate "2021.05.31"]
[SourceQuality "1"]

1. Nf3 c5 2. g3 Nc6 3. Bg2 b6 4. d3 Bb7 5. 0-0 Nf6 6. e4 Rb8 7. Nbd2 e6 8. Re1 Be7 9. Nf1 0-0 10. e5 Nd5 11. c4 Nc7 12. h4 f6 13. N1h2 fxe5 14. Nxe5 Nxe5 15. Bxb7 Nxc4 16. Be4 Nd6 17. Bg2 Bxh4 18. gxh4 Qxh4 19. Be3 Nf5 20. Qg4 Qf6 21. Bg5 Qxb2 22. Nf3 Nd5 23. Nh4 Nf6 24. Qh3 Nxh4 25. Qxh4 Qd4 26. Qxd4 cxd4 27. Rac1 Rbc8 28. Rxc8 Rxc8 29. Rc1 Rxc1+ 30. Bxc1 h5 31. Bb2 Kf7 32. Bxd4 g5 33. Be5 Nd5 34. Bb8 a6 35. Bxd5 exd5 36. Kg2 Ke6 37. Kf3 h4 38. Bc7 b5 39. Kg4 1-0

[Event "CZE-ch Betsys Online Blitz"]
[Site "Chess.com INT"]
[Date "2021.04.17"]
[Round "9"]
[White "Loucky, Tomas"]
[Black "Martikan, Jiri"]
[Result "0-1"]
[WhiteElo "1305"]
[BlackElo "1221"]
[PlyCount "90"]
[EventDate "2021.04.17"]
[EventType "swiss (blitz)"]
[EventRounds "13"]
[EventCountry "CZE"]
[SourceTitle "CBM 201 Extra"]
[Source "ChessBase"]
[SourceDate "2021.05.31"]
[SourceVersion "1"]
[SourceVersionDate "2021.05.31"]
[SourceQuality "1"]

1. e4 c6 2. d4 d5 3. Nc3 e6 4. e5 c5 5. Nf3 Nc6 6. Bb5 a6 7. Bxc6+ bxc6 8. 0-0 cxd4 9. Qxd4 c5 10. Qg4 Ne7 11. Ng5 Ng6 12. Qf3 Qd7 13. Re1 h6 14. Nh3 Be7 15. b3 0-0 16. Bb2 d4 17. Na4 Bb7 18. Qd3 Bc6 19. Nb6 Qb7 20. Nxa8 Qxa8 21. c4 Bxg2 22. Qg3 Be4 23. Qg4 Bh1 24. f3 Bxf3 25. Qg3 Bc6 26. Nf4 Nxf4 27. Qxf4 Bg5 28. Qg4 Bh1 29. Qg3 Bc6 30. Rf1 f6 31. exf6 Bxf6 32. Rae1 Qc8 33. Qd6 Rd8 34. Qxe6+ Qxe6 35. Rxe6 Ba8 36. Rxa6 Re8 37. Raxf6 gxf6 38. Rxf6 Re1+ 39. Kf2 Rd1 40. Rxh6 Rd2+ 41. Ke1 Rxb2 42. Ra6 Bf3 43. Rg6+ Kf7 44. Rg3 Rb1+ 45. Kf2 Be4 0-1

[Event "Bezmerov Bastinec Memorial-B"]
[Site "Bezmerov"]
[Date "2019.01.26"]
[Round "3"]
[White "Hobza, Vojtech"]
[Black "Loucky, Tomas"]
[Result "1-0"]
[WhiteElo "1288"]
[BlackElo "1451"]
[PlyCount "75"]
[EventDate "2019.01.25"]
[EventType "swiss"]
[EventRounds "6"]
[EventCountry "CZE"]
[SourceTitle "CBM 188 Extra"]
[Source "ChessBase"]
[SourceDate "2019.02.26"]
[SourceVersion "1"]
[SourceVersionDate "2019.02.26"]
[SourceQuality "1"]

1. d4 d5 2. Nf3 Nc6 3. e3 Nf6 4. Nbd2 Bg4 5. Be2 Qd6 6. h3 Bh5 7. 0-0 e5 8. dxe5 Nxe5 9. Nxe5 Bxe2 10. Nxf7 Bxd1 11. Nxd6+ Bxd6 12. Rxd1 0-0 13. Nf3 Rae8 14. b3 c6 15. Bb2 Ne4 16. Rac1 Re6 17. c4 dxc4 18. Rxc4 b5 19. Rxe4 Rxe4 20. Rxd6 Re7 21. Rxc6 Rd7 22. Bd4 h6 23. Ne5 Rb7 24. Kf1 Rf5 25. Ke2 Kh7 26. g4 Rf8 27. f4 Re8 28. f5 Rbe7 29. Kd3 Rd8 30. Ng6 Red7 31. Re6 Rc8 32. Re7 Rxe7 33. Nxe7 Rc7 34. Ng6 a6 35. e4 Rc1 36. e5 Kg8 37. e6 Ra1 38. Bxa1 1-0